| 000 | 00726nam a22002177a 4500 | ||
|---|---|---|---|
| 999 |
_c8214 _d8214 |
||
| 001 | 8214 | ||
| 003 | BD-JhCC | ||
| 005 | 20180925122750.0 | ||
| 008 | 180219b2012 bg ||||| |||| 00| 0 ben d | ||
| 035 | _a(BD-JhCC)8214 | ||
| 040 |
_aBD-JhCC _dBD-JhCC |
||
| 041 | _aben | ||
| 082 |
_a780.1 _bROF 2012 |
||
| 100 | _aরফিকুজ্জামান, মোহাম্মদ | ||
| 245 |
_aবাংলার গান রচনাকৌশল ও শুদ্ধতা / _cমোহাম্মদ রফিকুজ্জামান |
||
| 260 |
_aঢাকাঃ _bহাওলাদার প্রকাশনী _c2012 |
||
| 300 |
_a192 p. : _c22 cm. |
||
| 650 | _aBengali Songs | ||
| 942 |
_2ddc _cBK |
||